| 000 | 00461 a2200157 4500 | ||
|---|---|---|---|
| 003 | Nust | ||
| 005 | 20230328130334.0 | ||
| 028 | _aAl fasial publishers | ||
| 040 | _cNust | ||
| 082 | _a828.80,AFZ | ||
| 100 |
_aMian Muhammad Afzal _921054 |
||
| 245 |
_aSaqoot-e-Baghdad Se Sakoot-e-Dhaka tak سقوط بغداد سے سقوط ڈھاکہ تک / _cMian Muhammad Afzal |
||
| 260 |
_aLahore _bAl Fasial _c2005 |
||
| 300 | _a1,563 p | ||
| 942 |
_2ddc _cBK _k828.80,AFZ |
||
| 999 |
_c198675 _d198675 |
||